| 000 | 01388naa a22004337a 4500 | ||
|---|---|---|---|
| 001 | BR8105377 | ||
| 003 | BR-BrBNA | ||
| 005 | 20240918174842.0 | ||
| 007 | ta | ||
| 008 | 230509b bl.||||| |||| 00| 0 por d | ||
| 040 |
_aBR-BrBNA _bpor _cBiblioteca Nacional de Agricultura |
||
| 041 | _a(Pt) | ||
| 072 |
_aF25; L30 _b1930 _b3801 _b5212 _bG514 |
||
| 090 | _aF25 BR8105377 | ||
| 100 | 1 | _aFernandes, A. de P.M. | |
| 100 | 1 | _aFarias, I. | |
| 100 | 1 | _aLira, M. de A. | |
| 100 | 1 | _aPenic, P. | |
| 100 | 1 | _aVieira, M.E.Q. | |
| 100 | 1 | _aSilva, V.M. da | |
| 100 | 1 | _aLima, P.B. | |
| 100 | 1 | _aReis, O.V. dos | |
| 245 | 1 | _aProdutividade do pasto de capim pangola (Digitaria decumbens Stent)submetido a dois sistemas de pastejo e adubacao mineral no Agreste de Pernambuco [Brasil] | |
| 260 | 3 |
_aRecife, PE (Brasil): _c1981. |
|
| 500 | _aAtuacao do IPA no ambito do POLONORDESTE Recife, PE (Brasil): 1981. v. 2 p. 353-357 (BR8105377-AM)F25 | ||
| 650 | _aCAPIM PANGOLA | ||
| 650 | _aFERTILIZANTE | ||
| 650 | _aNPK | ||
| 650 | _aADUBACAO | ||
| 650 | _aPASTEJO | ||
| 650 | _aBOVINO | ||
| 650 | _aGANHO DE PESO | ||
| 650 | _aPRODUTIVIDADE | ||
| 650 | _aAGRESTE | ||
| 650 | _aPERNAMBUCO | ||
| 773 | 0 |
_tAtuacao do IPA no ambito do POLONORDESTE _wF25 BR8105377 _gRecife, PE (Brasil), 1981. v. 2 p. 353-357 |
|
| 909 |
_a202404 _bLucia _c55 _dLucia Elande |
||
| 942 |
_cAM _2AGRIS |
||
| 999 |
_c314007 _d314007 |
||